<?xml version='1.0' encoding='UTF-8'?>
  <record xmlns="http://www.loc.gov/MARC21/slim">
    <leader>00000cam a2200000 i 4500</leader>
    <controlfield tag="001">ocm65496807</controlfield>
    <controlfield tag="003">OCoLC</controlfield>
    <controlfield tag="005">20250627055947.9</controlfield>
    <controlfield tag="008">900715s1853    gw            000 0 ger d</controlfield>
    <datafield tag="040" ind1=" " ind2=" ">
      <subfield code="a">NLGGC</subfield>
      <subfield code="b">dut</subfield>
      <subfield code="e">fobidrtb</subfield>
      <subfield code="c">NLGGC</subfield>
      <subfield code="d">BRL</subfield>
      <subfield code="d">OCLCO</subfield>
      <subfield code="d">OCLCQ</subfield>
      <subfield code="d">OCLCO</subfield>
      <subfield code="d">OCLCF</subfield>
      <subfield code="d">OCLCO</subfield>
      <subfield code="d">OCLCL</subfield>
      <subfield code="d">OCLCQ</subfield>
    </datafield>
    <datafield tag="029" ind1="0" ind2=" ">
      <subfield code="a">NLGGC</subfield>
      <subfield code="b">064273342</subfield>
    </datafield>
    <datafield tag="035" ind1=" " ind2=" ">
      <subfield code="a">(OCoLC)65496807</subfield>
    </datafield>
    <datafield tag="100" ind1="1" ind2=" ">
      <subfield code="a">Crocq, Jean-Joseph,</subfield>
      <subfield code="d">1824-1898.</subfield>
      <subfield code="1">https://id.oclc.org/worldcat/entity/E39PBJvXfvHd8q99p7VyGm8t8C</subfield>
    </datafield>
    <datafield tag="245" ind1="1" ind2="4">
      <subfield code="a">Die Anwendung der Auskultation und Perkussion in den Krankheiten der Brusthöhle des Pferdes /</subfield>
      <subfield code="c">von J. Crocq ; aus dem Französischen übers. und mit Anmerkungen und Zusätze vers. von J.M. Kreutzer.</subfield>
    </datafield>
    <datafield tag="260" ind1=" " ind2=" ">
      <subfield code="a">Erlangen :</subfield>
      <subfield code="b">J.J. Palm &amp; Ernst Enke,</subfield>
      <subfield code="c">1853.</subfield>
    </datafield>
    <datafield tag="300" ind1=" " ind2=" ">
      <subfield code="a">VI, 222 p. ;</subfield>
      <subfield code="c">16 cm</subfield>
    </datafield>
    <datafield tag="500" ind1=" " ind2=" ">
      <subfield code="a">Oorspr. titel: De l'auscultation et de la percussion appliquées aux maladies de poitrine du cheval.</subfield>
    </datafield>
    <datafield tag="500" ind1=" " ind2=" ">
      <subfield code="a">Overdr. uit: Centralzeitung für die gesammte Veterinärmedizin und ihre Hilfswissenschaften, mit vergleichender Bezugnahme auf die Menschenheilwissenschaft.</subfield>
    </datafield>
    <datafield tag="530" ind1=" " ind2=" ">
      <subfield code="a">Ook beschikbaar in microvorm.</subfield>
    </datafield>
    <datafield tag="650" ind1=" " ind2="0">
      <subfield code="a">Auscultation.</subfield>
    </datafield>
    <datafield tag="650" ind1=" " ind2="0">
      <subfield code="a">Percussion.</subfield>
    </datafield>
    <datafield tag="650" ind1=" " ind2="0">
      <subfield code="a">Chest.</subfield>
    </datafield>
    <datafield tag="650" ind1=" " ind2="0">
      <subfield code="a">Horses</subfield>
      <subfield code="x">Diseases.</subfield>
    </datafield>
    <datafield tag="650" ind1=" " ind2="6">
      <subfield code="a">Auscultation.</subfield>
    </datafield>
    <datafield tag="650" ind1=" " ind2="6">
      <subfield code="a">Percussion (Médecine)</subfield>
    </datafield>
    <datafield tag="650" ind1=" " ind2="6">
      <subfield code="a">Thorax.</subfield>
    </datafield>
    <datafield tag="650" ind1=" " ind2="6">
      <subfield code="a">Chevaux</subfield>
      <subfield code="x">Maladies.</subfield>
    </datafield>
    <datafield tag="650" ind1=" " ind2="7">
      <subfield code="a">Auscultation.</subfield>
      <subfield code="2">fast</subfield>
      <subfield code="0">(OCoLC)fst00821367</subfield>
    </datafield>
    <datafield tag="650" ind1=" " ind2="7">
      <subfield code="a">Chest.</subfield>
      <subfield code="2">fast</subfield>
      <subfield code="0">(OCoLC)fst00853827</subfield>
    </datafield>
    <datafield tag="650" ind1=" " ind2="7">
      <subfield code="a">Horses</subfield>
      <subfield code="x">Diseases.</subfield>
      <subfield code="2">fast</subfield>
      <subfield code="0">(OCoLC)fst00960626</subfield>
    </datafield>
    <datafield tag="650" ind1=" " ind2="7">
      <subfield code="a">Percussion.</subfield>
      <subfield code="2">fast</subfield>
      <subfield code="0">(OCoLC)fst01057695</subfield>
    </datafield>
    <datafield tag="700" ind1="1" ind2=" ">
      <subfield code="a">Kreutzer, Johann Martin,</subfield>
      <subfield code="d">1810-1855.</subfield>
      <subfield code="1">https://id.oclc.org/worldcat/entity/E39PCjKrbBgMbXxvFdpj7fJx6q</subfield>
    </datafield>
    <datafield tag="758" ind1=" " ind2=" ">
      <subfield code="a">Die Anwendung der Auskultation und Perkussion in den Krankheiten der Brusthöhle des Pferdes (Text)</subfield>
      <subfield code="1">https://id.oclc.org/worldcat/entity/E39PCGkTMYJYVQ4hVKWRB4b7d3</subfield>
      <subfield code="4">https://id.oclc.org/worldcat/ontology/hasWork</subfield>
    </datafield>
    <datafield tag="936" ind1=" " ind2=" ">
      <subfield code="a">BATCHLOAD</subfield>
    </datafield>
  </record>